| 000 | 00901nam a22002417a 4500 | ||
|---|---|---|---|
| 001 | 44177 | ||
| 003 | BD-RjUL | ||
| 005 | 20211209053818.0 | ||
| 008 | 160714s1984 bg ||||| |||| 00| 0 ben d | ||
| 020 | _c: TK 40.00 | ||
| 035 | _a(BD-RjUL)44295 | ||
| 040 |
_aBD-RjUL _bben _cBD-RjUL |
||
| 041 | _aben | ||
| 082 |
_223 _a321 _bMIP 1984 |
||
| 100 |
_aমিল, জন স্টুয়ার্ট _9124745 |
||
| 245 | 1 | 0 |
_aপ্রতিনিধিত্বমূলক সরকার / _cজন স্টুয়ার্ট মিল |
| 260 |
_aঢাকা : _bবাংলা একাডেমী, _c১৯৮৪ |
||
| 300 |
_a[২২], ২৫৬ পৃ. ; _c২১ সেমি. |
||
| 650 |
_aসরকার _9135643 |
||
| 650 |
_aGovernment _9135644 |
||
| 700 |
_aখান, মোহম্মদ দরবেশ আলী, অনুবাদ _9224791 |
||
| 942 |
_2ddc _cBK |
||
| 999 |
_c44177 _d44177 |
||